Countries that Have Lost Population since 1990 - Statistics

General Stats
  • This quiz has been taken 60 times
  • The average score is 16 of 18
Answer Stats
Loss Loss in % Answer % Correct
1.60 m 1.08% Russia
100%
239 k 15.3% Estonia
95%
778 k 29.2% Latvia
95%
974 k 26.3% Lithuania
95%
7.73 m 15.0% Ukraine
95%
1.89 m 21.4% Bulgaria
93%
4.25 m 18.1% Romania
93%
764 k 10.0% Serbia
93%
702 k 6.91% Belarus
87%
1.18 m 26.5% Bosnia and Herzegovina
87%
671 k 14.1% Croatia
87%
114 k 0.30% Poland
87%
717 k 6.91% Hungary
84%
332 k 7.60% Moldova
84%
408 k 12.4% Albania
78%
1.42 m 26.3% Georgia
75%
575 k 16.2% Armenia
73%
51.6 k 2.77% Kosovo
71%
No matching quizzes found
Score Distribution
Percent of People with Each Score
Percentile by Number Answered
Your Score History
You have not taken this quiz